<?xml version="1.0" encoding="UTF-8"?>
<record
    xmlns:xsi="http://www.w3.org/2001/XMLSchema-instance"
    xsi:schemaLocation="http://www.loc.gov/MARC21/slim http://www.loc.gov/standards/marcxml/schema/MARC21slim.xsd"
    xmlns="http://www.loc.gov/MARC21/slim">

  <leader>00721nam a22002177a 4500</leader>
  <controlfield tag="005">20100823151153.0</controlfield>
  <datafield tag="010" ind1=" " ind2=" ">
    <subfield code="a">ENG-101280</subfield>
  </datafield>
  <datafield tag="020" ind1=" " ind2=" ">
    <subfield code="a">9788189289164</subfield>
    <subfield code="c">400.00</subfield>
  </datafield>
  <datafield tag="035" ind1=" " ind2=" ">
    <subfield code="a">EN-84813</subfield>
  </datafield>
  <datafield tag="037" ind1=" " ind2=" ">
    <subfield code="b">DBAD/PUB</subfield>
  </datafield>
  <datafield tag="082" ind1=" " ind2=" ">
    <subfield code="a">610</subfield>
  </datafield>
  <datafield tag="100" ind1=" " ind2=" ">
    <subfield code="a">Ballal, H.S.</subfield>
    <subfield code="9">16961</subfield>
  </datafield>
  <datafield tag="245" ind1=" " ind2=" ">
    <subfield code="a">Peeping inside the body /</subfield>
    <subfield code="c">by Ballal H.S. [and] P.D.Gupta</subfield>
  </datafield>
  <datafield tag="260" ind1=" " ind2=" ">
    <subfield code="a">Jaipur</subfield>
    <subfield code="b">Capricorn Publishing House</subfield>
    <subfield code="c">2008</subfield>
  </datafield>
  <datafield tag="270" ind1=" " ind2=" ">
    <subfield code="a">4/363, Malviya Nagar</subfield>
    <subfield code="b">Jaipur</subfield>
    <subfield code="e">302017</subfield>
  </datafield>
  <datafield tag="300" ind1=" " ind2=" ">
    <subfield code="a">160p.:</subfield>
    <subfield code="b">ill.</subfield>
    <subfield code="c">22cm (Hb)</subfield>
    <subfield code="e">b&amp;w photos</subfield>
  </datafield>
  <datafield tag="500" ind1=" " ind2=" ">
    <subfield code="a">Includes index</subfield>
  </datafield>
  <datafield tag="700" ind1=" " ind2=" ">
    <subfield code="a">Gupta, P.D.</subfield>
    <subfield code="9">1331</subfield>
  </datafield>
  <datafield tag="942" ind1=" " ind2=" ">
    <subfield code="2">ddc</subfield>
    <subfield code="c">EN</subfield>
    <subfield code="h">610</subfield>
    <subfield code="m">BAL</subfield>
  </datafield>
  <datafield tag="999" ind1=" " ind2=" ">
    <subfield code="c">43026</subfield>
    <subfield code="d">43026</subfield>
  </datafield>
  <datafield tag="952" ind1=" " ind2=" ">
    <subfield code="0">0</subfield>
    <subfield code="1">0</subfield>
    <subfield code="4">0</subfield>
    <subfield code="7">1</subfield>
    <subfield code="8">NFIC</subfield>
    <subfield code="a">DBAD</subfield>
    <subfield code="b">DBAD</subfield>
    <subfield code="d">2010-08-23</subfield>
    <subfield code="e">DBAD/PUB</subfield>
    <subfield code="g">400.00</subfield>
    <subfield code="l">0</subfield>
    <subfield code="o">610 BAL</subfield>
    <subfield code="p">EN-84813</subfield>
    <subfield code="r">2010-08-23 00:00:00</subfield>
    <subfield code="t">1</subfield>
    <subfield code="v">400.00</subfield>
    <subfield code="w">2010-08-23</subfield>
    <subfield code="y">EN</subfield>
  </datafield>
</record>
